000 00914cam a2200277 a 4500
003 EG-GiCUC
008 790426s1963 fr 000 0 fre
010 _a 64027012
040 _aDLC
_c DLC
_d DLC
042 _apremarc
050 0 0 _aHD9576.A2
_bS3
092 0 4 _a338.2728
_bS2458
_221
099 _a04
_a338.2728 S2458
100 1 _aSarkis, Nicolas.
245 1 3 _aLe petrole et les economies Arabes.
_cPref. de Maurice Bye.
260 _aParis,
_bLibrairie generale de droit et de jurisprudence,
_c1963.
300 _ax, 279 p.
_bfold. map, diagrs., tables.
_c25 cm.
490 0 _aBibliothe{u00A4}_que d'e{u00A4}_conomie politique,
_vt. 3
504 _aBibliography: p. [271]-275.
650 0 _aPetroleum industry and trade
_zMiddle East.
902 _a1
905 _aMnal
_eCat
905 _aReda
_eRev
942 _2ddc
_cBK
999 _c107596
_d107596